[Event "Barcelona Sant Marti op-B 17th"]
[Site "Barcelona"]
[Date "2015.07.14"]
[Round "2"]
[White "Trabado Nieto, David"]
[Black "Calbet Freixanet, Eduard"]
[Result "0-1"]
[WhiteElo "1722"]
[BlackElo "1890"]
[PlyCount "38"]
[EventDate "2015.07.13"]
[EventType "swiss"]
[EventRounds "9"]
[EventCountry "ESP"]
[SourceTitle "EXT 2016"]
[Source "ChessBase"]
[SourceDate "2015.10.08"]
[SourceVersion "1"]
[SourceVersionDate "2015.10.08"]
[SourceQuality "1"]

1. d4 Nf6 2. c4 e5 3. dxe5 Ng4 4. Bf4 Nc6 5. Nf3 Bb4+ 6. Nc3 Bxc3+ 7. bxc3 0-0 8. Ng5 Ngxe5 9. Bxe5 Nxe5 10. Qd5 Qxg5 11. h4 Qf6 12. Qe4 Ng4 13. Qxg4 Qxc3+ 14. Kd1 Qxa1+ 15. Kd2 Qxa2+ 16. Ke1 d5 17. h5 Bxg4 18. Rh4 Qc2 19. h6 Qc1# 0-1

[Event "Barcelona Sant Marti op-B 17th"]
[Site "Barcelona"]
[Date "2015.07.13"]
[Round "1"]
[White "Sanchez Esteban, Emilio"]
[Black "Trabado Nieto, David"]
[Result "1-0"]
[WhiteElo "1947"]
[BlackElo "1722"]
[PlyCount "49"]
[EventDate "2015.07.13"]
[EventType "swiss"]
[EventRounds "9"]
[EventCountry "ESP"]
[SourceTitle "EXT 2016"]
[Source "ChessBase"]
[SourceDate "2015.10.08"]
[SourceVersion "1"]
[SourceVersionDate "2015.10.08"]
[SourceQuality "1"]

1. d4 d5 2. Nf3 Nf6 3. e3 Bg4 4. Be2 Nc6 5. 0-0 e6 6. Nbd2 Bd6 7. c4 dxc4 8. Nxc4 Nh5 9. Nfe5 Nxe5 10. dxe5 Bxe2 11. Qxe2 Bc5 12. Qxh5 Qd3 13. b3 Qc3 14. Bb2 Qc2 15. Rac1 Qf5 16. Qxf5 exf5 17. Rfd1 0-0 18. Rd7 Rac8 19. Rcd1 b5 20. Na5 Bb6 21. Nc6 a5 22. Ne7+ Kh8 23. Nxc8 Rxc8 24. Rd8+ Rxd8 25. Rxd8# 1-0

[Event "Barcelona Sant Marti op-B 16th"]
[Site "Barcelona"]
[Date "2014.07.19"]
[Round "7"]
[White "Trabado Nieto, David"]
[Black "Jimenez Rimblas, Raul"]
[Result "0-1"]
[WhiteElo "1700"]
[BlackElo "1706"]
[PlyCount "80"]
[EventDate "2014.07.13"]
[EventType "swiss"]
[EventRounds "9"]
[EventCountry "ESP"]
[SourceTitle "CBM 161 Extra"]
[Source "ChessBase"]
[SourceDate "2014.08.29"]
[SourceVersion "1"]
[SourceVersionDate "2014.08.29"]
[SourceQuality "1"]

1. d4 d5 2. c4 dxc4 3. e4 Nf6 4. Nc3 Nc6 5. Nf3 Bg4 6. Be2 Bxf3 7. Be3 Bxg2 8. Rg1 Bxe4 9. Nxe4 Nxe4 10. d5 Nb4 11. Qa4+ Qd7 12. Qxd7+ Kxd7 13. Bg4+ e6 14. dxe6+ fxe6 15. 0-0-0+ Nd6 16. a3 Nd3+ 17. Kc2 Rd8 18. Bd4 Kc8 19. Bxe6+ Kb8 20. Rg5 Ne4 21. Rd5 Rxd5 22. Bxd5 Nexf2 23. Bxf2 Nxf2 24. Rd2 Bc5 25. Bxc4 a6 26. b4 Bb6 27. Rd7 g5 28. a4 Ng4 29. b5 Ne5 30. Re7 Nxc4 31. bxa6 bxa6 32. Rf7 Ne3+ 33. Kd3 Rd8+ 34. Ke4 h5 35. Kf3 Ng4 36. Kg3 Rd3+ 37. Kg2 Rd2+ 38. Kf1 Ne3+ 39. Ke1 Rxh2 40. a5 Bxa5# 0-1

[Event "Barcelona Sant Marti op-B 16th"]
[Site "Barcelona"]
[Date "2014.07.13"]
[Round "1"]
[White "Flores Mendoza, Jose Antonio"]
[Black "Trabado Nieto, David"]
[Result "1-0"]
[WhiteElo "1905"]
[BlackElo "1700"]
[PlyCount "55"]
[EventDate "2014.07.13"]
[EventType "swiss"]
[EventRounds "9"]
[EventCountry "ESP"]
[SourceTitle "CBM 161 Extra"]
[Source "ChessBase"]
[SourceDate "2014.08.29"]
[SourceVersion "1"]
[SourceVersionDate "2014.08.29"]
[SourceQuality "1"]

1. d4 d5 2. c4 c6 3. Nc3 Bf5 4. Bf4 e6 5. e3 Bb4 6. Nf3 Nf6 7. Qb3 Na6 8. a3 Bxc3+ 9. bxc3 Qc7 10. Bxc7 Nd7 11. Bd6 b5 12. cxb5 Rb8 13. Bxb8 Naxb8 14. bxc6 Nb6 15. c7 N8d7 16. Bb5 0-0 17. Bxd7 Nxd7 18. Qb7 e5 19. Qxd5 Be6 20. Qa5 Nf6 21. Qxa7 Nd5 22. c4 Nc3 23. d5 Bxd5 24. cxd5 Nxd5 25. 0-0 Rc8 26. Rfd1 Rxc7 27. Qxc7 Kf8 28. Qd8# 1-0